Τουριστικαί μελέται

Αποθηκεύτηκε σε:
Λεπτομέρειες βιβλιογραφικής εγγραφής
Κύριος συγγραφέας: Λογοθέτης, Μιλτιάδης Ι.
Μορφή: Βιβλίο
Γλώσσα:Greek
Δημοσίευση: Αθήναι : [χ.ό.], 1963
Θέματα:
Ετικέτες: Προσθήκη ετικέτας
Δεν υπάρχουν, Καταχωρήστε ετικέτα πρώτοι!

MARC

LEADER 00000cam a2200000 i 4500
001 1/50436
008 040309s1963 gre d
035 |l 10072583 
040 |a GR-MY-UA  |b gre  |e aacr 
041 0 |a gre 
082 0 |a 338.4791  |2 (22) 
100 1 |a Λογοθέτης, Μιλτιάδης Ι. 
245 1 0 |a Τουριστικαί μελέται /  |c Μιλτιάδου Ι. Λογοθέτη 
260 |a Αθήναι :   |b [χ.ό.],   |c 1963 
300 |a 44 σ.;  |c 24 εκ. 
650 0 0 |a Tourism  |z Greece  |z Rhodes (Island) 
852 |a INST  |b CHIOS  |e 20040309  |h 338.4791 ΛΟΓ  |p 005200012754  |q 005200012754  |t BK  |y 0 
852 |a INST  |b RHODES  |c AKA  |e 20081223  |h  338.4791 ΛΟΓ  |p 005400031773  |q 005400031773  |t BK  |y 0 
901 |a BIBL2-2004-1 
901 |a BIBL4-2008-3 
909 |a Χ  |b 107825 
909 |a Ρ  |b 156771 
970 |a ΒΑΣΙΛΑΚΗ  |b ΝΙΚΗ  |z 2004/03/09